000
00233nam a22001097a 4500
041
_a
ENG
245
_a
Agricultural Tractors -TEst Code
260
_a
New Delhi
_b
BIS
_c
1998
300
_a
16
650
_a
BIS Code
856
_u
BIS Code
999
_c
2075
_d
2075